000 01142nam a22003257a 4500
003 CHAP
005 20220329134507.0
008 971013s1970 r 00010 d
010 _a21167
011 _a22139
035 _a26232
040 _cCHAP
090 _aFolleto 3258
100 0 0 _aBordallo N., José Antonio.
_913841
245 _aDeterminación del período óptimo de siembra para el algodonero en la región de Ceballos, Dgo.
260 _aTorreón, Coah. :
_bCentro de Investigaciones Agrícolas del Noreste,
_c(1970)
300 _a8 p.
590 _aBATCH-UPD
_b10
_c20130110
_lUCH01
_h0016
590 _aBATCH-UPD
_b10
_c20130110
_lUCH01
_h2226
590 _aBATCH-UPD
_b10
_c20130409
_lUCH01
_h1954
590 _aBATCH-UPD
_b10
_c20130410
_lUCH01
_h1522
590 _aBATCH-UPD
_b10
_c20130914
_lUCH01
_h1643
590 _aCONVERSION
_b10
_c20130109
_lUCH01
_h1313
650 1 4 _aAlgodon
_xDurango.
_93996
650 1 4 _aAlgodon
_xSemilla.
_94054
710 0 _aINIA. México. Centro de Investigaciones Agrícolas del Noroeste.
_958554
901 _aBK
942 _cFOLL
949 _aFolleto 3258
_bBC
_cFOLL
_d-60579
_eTS1
_i26232
_mD
_si
999 _c21167
_d21167